000 00829nmm a2200277 a 4500
003 AR-BaBNM
005 20251128203009.0
008 197019s1954 ||||||||||||||000 | spa||
040 _cAR-BaBNM
100 1 _aGaro, Francisco J.
245 1 0 _aSociedades anónimas
_n2
260 _aBuenos Aires
_bEdiar
_c1954
300 0 _a698 p.
500 0 _aContiene apéndice: Decreto reglamentario de la Inspección General de Justicia del 27 de abril de 1923
500 0 _aIndice alfabético de los tomos 1 y 2 p. 667-684
500 0 _aIndice general p. 685-698
504 _aBibliografía a pie de página
650 4 _aDERECHO COMERCIAL
650 4 _aSOCIEDADES
650 4 _aDERECHO DE SOCIEDADES
650 4 _aCONTRATOS
650 4 _aOBLIGACIONES
650 4 _aLEGISLACION ARGENTINA
942 _cBK
998 _cAndrea
999 _c1436
_d1436